| 000 | 00465cam a22001457a 4500 | ||
|---|---|---|---|
| 008 | 180718b1968 xxu||||| |||| 00| 0 eng d | ||
| 082 | _aC43x54 P49 | ||
| 100 | _aPhadnis, Urmila | ||
| 245 |
_aTowards the integration of Indian states, 1919-1947 _cby Urmila Phadnis |
||
| 260 |
_aBombay _bAsia _c1968 |
||
| 300 | _avii, 297p | ||
| 650 | _aIndia --Politics and government --1919-1947 | ||
| 650 | _aConstitutional history --India | ||
| 650 | _aState governments --India | ||
| 999 |
_c423936 _d423936 |
||